000 00641nam a2200241Ia 4500
003 OSt
005 20221006144439.0
006 a|||||r|||| 00| 0
007 ta
008 221006b |||||||| |||| 00| 0 eng d
020 _a00900380306
_c
_18.00
024 _a11,702
037 _cTextual
040 _aEASL
_cEASL
_beng
041 _2eng
_aeng
082 _aV41:191.N80, M2
100 _aStewart
_9507287
245 0 _aGLobal collective security in the 1980
260 _aEngland
_bForeign Affairs
_c1982
300 _a142p.
_ccm.
942 _hV41:191.N80, M2
_cTEXL
_2CC
999 _c1079788
_d1079788